000 01373nam a2200325Ia 4500
001 65232
003 IT-RoPAU
008 130308s9999 xx 000 0 und d
040 _aIT-RoPAU
040 _cIT-RoPAU
041 _aITALIANO
100 _aRicoeur Paul
100 _gCodice Aut. SPICS: 2052
240 _aTEMPS ET RECIT-II-LA configuration DANS LE recit DE FICTION
240 _gCodice Tit. Orig. Spics: 35367
245 _aTempo e racconto-II-La configurazione nel racconto di finzione
245 _bTempo e Racconto-Ii-La configurazione nel Racconto di Finzione
250 _a1a ed.
260 _aMILANO
260 _bJaca Book
260 _c1987 [1° Ed.:1987 - Ed.Ling.Originale:1984]
300 _a"258 p. (prefazione: no ; testo: 258)"
500 _aMetamorfosi dell'Intrigo Perennità Declino Condizionamenti Semiotici della Narratività morfologia della favola Secondo Propp Logica del Racconto Semiotica Narrativa di Greimas Giochi con Il Tempo Tempi del Verbo ed Enunciazione Tempo del raccontare e Tempo Raccontato Enunciazione Enunciato Punto di Vista e voce Narrativa Esperienza Temporale di Finzione Tempo Mortale e Tempo monumentale Mrs. Dalloway Zauberberg Tempo Perduto e Ritrovato
650 _aSAGGI DI SEMIOLOGIA
650 _eCodice materia Spics: 3257
942 _cBK
957 _71
999 _c66304
_d66304
999 _bSI
999 _g1